Rock Bands' Most Popular Song on Spotify - Statistics

General Stats
  • This quiz has been taken 100 times
    83 since last reset
  • The average score is 27 of 62
Answer Stats
Band Streams Song % Correct
Queen 2.1B Bohemian Rhapsody
97%
Nirvana 1.6B Smells Like Teen Spirit
92%
TOTO 1.4B Africa
87%
Eagles 1.3B Hotel California
87%
Metallica 1.1B Enter Sandman
82%
Linkin Park 1.5B In the End
82%
AC/DC 1.2B Back in Black
78%
Guns N' Roses 1.5B Sweet Child o' Mine
78%
Coldplay 1.6B Yellow
78%
Journey 1.5B Don't Stop Believin'
75%
Lynyrd Skynyrd 1B Sweet Home Alabama
75%
The Police 1.5B Every Breath You Take
73%
Survivor 1B Eye of the Tiger
72%
Bon Jovi 1.2B Livin' on a Prayer
72%
Led Zeppelin 820M Stairway to Heaven
65%
Aerosmith 860M Dream On
63%
R.E.M. 1B Losing My Religion
63%
Pink Floyd 720M Another Brick in the Wall Pt. 2
60%
Van Halen 720M Jump
60%
The Rolling Stones 900M Paint It, Black
60%
Bee Gees 820M Stayin Alive
60%
Fleetwood Mac 1.2B Dreams
58%
Black Sabbath 780M Paranoid
58%
Red Hot Chili Peppers 1.1B Under the Bridge
57%
Tears For Fears 1.1B Everybody Wants to Rule the World
55%
Evanescence 810M Bring Me To Life
50%
The Beatles 1B Here Comes the Sun
50%
Green Day 830M Basket Case
48%
Dire Straits 950M Sultans of Swing
48%
Europe 490M The Final Countdown
48%
The Clash 850M Should I Stay or Should I Go
45%
Creedence Clearwater Revival 1B Have You Ever Seen the Rain
43%
Deep Purple 450M Smoke on the Water
43%
The Animals 800M House of the Rising Sun
42%
Nickelback 760M How You Remind Me
42%
Electric Light Orchestra 810M Mr. Blue Sky
33%
U2 850M With or Without You
33%
The Jimi Hendrix Experience 610M All Along the Watchtower
27%
Blondie 360M Call Me
27%
Boston 670M More Than a Feeling
27%
Joan Jett and The Blackhearts 280M I Love Rock N' Roll
25%
Def Leppard 350M Pour Some Sugar On Me
23%
Scorpions 580M Wind of Change
23%
Motley Crue 490M Kickstart My Heart
22%
Pearl Jam 450M Alive
20%
The Kinks 270M You Really Got Me
18%
The Who 490M Baba O'Riley
17%
Foreigner 640M I Wanna Know What Love Is
17%
Whitesnaker 280M Here I Go Again
15%
Kansas 570M Dust in the Wind
13%
Ramones 260M Blitzkrieg Bop
10%
Simon and Garfunkel 480M Mrs. Robinson
10%
The Cars 300M Drive
8%
Beach Boys 450M Wouldn't It Be Nice
7%
REO Speedwagon 320M Can't Fight This Feeling
5%
Dio 190M Holy Diver
5%
Genesis 200M Invisible Touch
5%
The Doors 340M Riders on the Storm
5%
Asia 170M Heat of the Moment
3%
Tom Petty and the Heartbreakers 270M Mary Jane's Last Dance
3%
INXS 330M Need You Tonight
3%
Rainbow 130M Since You Been Gone
2%
No matching quizzes found
Score Distribution
Percent of People with Each Score
Percentile by Number Answered
Your Score History
You have not taken this quiz since the last reset